Arsenal - Tous les joueurs de 2010 à 2025 - Statistiques

Statistiques générales
  • Ce quiz a été pris 1 944 fois
    604 depuis la dernière actualisation
  • Le résultat moyen est 62 sur 159
Statistiques - réponses
Saisons Nationalités Joueur Nombre
De Matchs
Poste % Correct
2018 - Angleterre BukayoSaka 263 A
92%
2016 - 2023 Suisse GranitXhaka 297 M
89%
2022 - France WilliamSaliba 134 D
89%
2020 - Norvège MartinOdegaard 198 M
88%
2010 - 2019 France LaurentKoscielny 353 D
87%
2017 - 2022 Gabon Pierre - EmerickAubameyang 163 A
87%
2020 - Brésil Gabriel 210 D
86%
2012 - 2018 France OlivierGiroud 253 A
85%
2008 - 2019 PaysDe Galles AaronRamsey 369 M
84%
2017 - 2022 France AlexandreLacazette 206 A
84%
2014 - 2018 Chili AlexisSánchez 166 A
84%
2022 - Brésil GabrielJesus 96 A
84%
2019 - Brésil GabrielMartinelli 225 A
84%
2013 - 2021 Allemagne MesutOzil 254 M
84%
2023 - Espagne DavidRaya 96 G
82%
2015 - 2019 RépubliqueTchèque PetrCech 139 G
79%
2020 - Ghana ThomasPartey 167 M
77%
1999 - 20072011 - 2012 France ThierryHenry 377 A
76%
2023 - Angleterre DeclanRice 103 M
75%
2023 - Allemagne KaiHavertz 87 M/A
75%
2005 - 2018 Angleterre TheoWalcott 397 A
74%
2007 - 2014 France BacarySagna 284 D
73%
2022 - Belgique LeandroTrossard 124 A
73%
2022 - 2025 Ukraine OleksandrZinchenko 91 D
71%
2021 - Angleterre BenWhite 160 D
70%
2004 - 2012 Pays - Bas RobinVan Persie 278 A
70%
2015 - 20192020 - 2024 Égypte MohamedElneny 161 M
69%
2011 - 2018 Allemagne PerMertesacker 221 D
69%
2014 - 2021 Espagne HectorBellerin 239 D
68%
2003 - 2011 Espagne CescFabregas 303 M
66%
2019 - 20232024 - 2025 Écosse KieranTierney 143 D
66%
2012 - 2018 Espagne SantiCazorla 180 M
66%
2021 - 2024 Angleterre AaronRamsdale 89 G
65%
2018 - 2022 Allemagne BerndLeno 125 G
65%
2008 - 20162017 - 2018 Angleterre JackWilshere 197 M
65%
2022 - 2025 Italie Jorginho 79 M
65%
2023 - Pays - Bas JurrienTimber 51 D
65%
2006 - 2016 RépubliqueTchèque TomasRosicky 246 M
64%
2003 - 2011 France GaelClichy 264 D
62%
2024 - Italie RiccardoCalafiori 29 D
62%
2009 - 2015 Pologne WojciechSzczesny 181 G
62%
2016 - 2021 Allemagne ShkodranMustafi 151 D
61%
2008 - 2012 Russie AndreyArshavin 144 A
60%
2012 - 20132014 - 2015
2016 - 2017 2018 - 2020
Argentine EmilianoMartinez 38 G
60%
2019 - 2022 CoteD'ivoire NicolasPépé 112 A
60%
2021 - 2025 Japon TakehiroTomiyasu 84 D
60%
2012 - 2019 Espagne NachoMonreal 251 D
59%
2017 - 2019 Arménie HenrikhMkhitaryan 59 M
58%
2018 - 2020 Uruguay LucasTorreira 89 M
58%
2011 - 2016 Espagne MikelArteta 150 M
58%
2014 - 2018 Colombie DavidOspina 70 G
57%
2024 - Espagne MikelMerino 44 M
57%
2008 - 2011 France SamirNasri 125 M
57%
2022 - 2024 Portugal FabioVieira 49 M
56%
2017 - 2022 Bosnie SeadKolasinac 118 D
56%
2019 - 2021 Brésil DavidLuiz 73 D
55%
2018 - 2020 France MattéoGuendouzi 82 M
55%
2024 - Angleterre MylesLewis - Skelly 39 D
53%
2005 - 2015 France AbouDiaby 180 M
52%
2011 - 2017 Angleterre AlexOxlade - Chamberlain 198 M
52%
2022 - 2025 Pologne JakubKiwior 68 D
52%
2004 - 20082013 - 2016 France MathieuFlamini 246 M
52%
2014 - 2019 Angleterre DannyWelbeck 126 A
49%
2024 - 2025 Angleterre RaheemSterling 28 A
49%
2008 - 20102011 - 2013
2014 - 2018
France FrancisCoquelin 160 M
48%
2010 - 2013 Maroc MarouaneChamakh 67 A
48%
2015 - 2019 Nigéria AlexIwobi 149 M/A
47%
2009 - 2014 Belgique ThomasVermaelen 150 D
47%
2005 - 2012 Cameroun AlexSong 204 M
46%
2007 - 2017 Angleterre KieranGibbs 229 D
46%
2017 - 2024 Angleterre EddieNketiah 168 A
45%
2018 - 2024 Angleterre EmileSmith Rowe 115 M
45%
2023 - Angleterre EthanNwaneri 38 A
45%
2014 - 2016 CostaRica JoelCampbell 40 A
45%
2012 - 2015 Allemagne LukasPodolski 82 M/A
45%
2014 - 2018 France MathieuDebuchy 30 D
45%
2019 - 2024 Portugal CédricSoares 64 D
43%
2018 - 2021 Grèce SokratisPapastathopoulos 69 D
43%
2005 - 20062007 - 2011
2013 - 2014
Danemark NicklasBendtner 171 A
42%
2007 - 2014 Pologne LukaszFabianski 78 G
40%
2016 - 2023 Angleterre RobHolding 162 D
39%
2020 - 2021 Brésil Willian 37 A
39%
2016 - 2022 Angleterre AinsleyMaitland - Niles 132 D/M
37%
2014 - 20162017 - 2018 2019 - 2022 Angleterre CalumChambers 122 D
37%
2011 - 2013 CoteD'ivoire Gervinho 63 A
37%
2019 - 2021 Espagne DaniCeballos 77 M
36%
2018 - 2019 Suisse StephanLichtsteiner 23 D
35%
2017 - 20182019 - 2021 2022 - 2024 Angleterre ReissNelson 89 A
32%
2005 - 2013 Suisse JohanDjourou 144 D
31%
2021 - 2023 Belgique Albert Sambi Lokonga 39 M
29%
2021 - 2022 Portugal NunoTavares 28 D
27%
2012 - 2014 Allemagne SergeGnabry 18 A
27%
2003 - 20082010 - 2011 Allemagne JensLehmann 200 G
26%
2011 - 20122013 - 2014 CoréeDu Sud Chu - YoungPark 7 A
25%
2004 - 2011 Cote D'ivoire EmmanuelEboué 214 D
25%
2022 - 2023 États - Unis MattTurner 7 G
25%
2020 - 2022 Etats - Unis FolarinBalogun 11 A
24%
2011 - 2012 Israel YossiBenayoun 25 A
24%
2004 - 2011 Espagne ManuelAlmunia 175 G
23%
2010 - 2013 France SébastienSquillaci 39 D
23%
2013 - 2015 France YayaSanogo 20 A
23%
2008 - 2011 Mexique CarlosVela 62 A
22%
2014 - 2017 Brésil GabrielPaulista 64 D
22%
2017 - 2020 Grèce KonstantinosMavropanos 8 D
22%
2019 - 2022 Espagne PabloMari 22 D
22%
2016 - 2017 Angleterre ChrisWillock 2 A
20%
2017 - 2021 Angleterre JoeWillock 78 M
20%
2016 - 2017 Espagne LucasPérez 21 A
20%
2013 - 2014 Suède KimKallstrom 4 M
18%
2020 - 2021 Islande Rúnar AlexRúnarsson 6 G
17%
2011 - 20142016 - 2017 2018 - 2019 Angleterre CarlJenkinson 70 D
16%
2018 - 2019 Espagne DenisSuárez 6 M
16%
2015 - 2016 Algérie IsmaelBennacer 1 M
16%
2015 - 2017 France JeffReine - Adelaide 8 M
16%
2022 - 2023 Brésil Marquinhos 6 A
16%
2020 - 2021 Australie MathewRyan 3 G
16%
2024 - 2025 Brésil Neto 4 G
16%
2008 - 20102012 - 2013 Italie VitoMannone 23 G
15%
2011 - 2013 Brésil AndréSantos 33 D
12%
2013 - 20152016 - 2018 Angleterre ChubaAkpom 12 A
9%
2011 - 2013 Ghana EmmanuelFrimpong 16 M
9%
2011 - 20122013 - 2014 Japon RyoMiyaichi 7 A
9%
2006 - 2011 Brésil Denilson 153 M
8%
2013 - 20152016 - 2017 États - Unis GedionZelalem 4 M
7%
2010 - 2011 Irlande ConorHenderson 1 M
6%
2015 - 2017 Pologne KrystianBielik 2 M
6%
2015 - 2016 Finlande GlenKamara 1 M
5%
2010 - 2013 Espagne IgnasiMiquel 14 D
5%
2011 - 2013 Chine NicoYennaris 4 M
5%
2018 - 2019 Écosse CharlieGilmour 2 M
4%
2021 - 2022 Angleterre CharliePatino 2 M
4%
2024 - Angleterre TommySetford 1 G
4%
2024 - 2025 Angleterre AydenHeaven 1 D
3%
2011 - 2012 Angleterre DanielBoateng 1 D
3%
2024 - Angleterre JackPorter 1 G
3%
2017 - 2018 Angleterre JoshDasilva 3 M
3%
2024 - Albanie MaldiniKacurri 1 D
3%
2017 - 2018 Angleterre MattMacey 1 G
3%
2009 - 2011 Angleterre CraigEastmond 10 M
2%
2007 - 20082009 - 2012 Angleterre HenriLansbury 8 M
2%
2013 - 2015 Jamaique IsaacHayden 2 M
2%
2010 - 2011 Angleterre JayEmmanuel - Thomas 5 M
2%
2012 - 2013 Montserrat JernadeMeade 2 D
2%
2024 - Angleterre JoshNichols 1 D
2%
2018 - 2019 Espagne JulioPleguezuelo 1 D
2%
2013 - 2014 Suède KristofferOlsson 1 M
2%
2017 - 2018 Angleterre MarcusMcGuane 2 M
2%
2020 - 2021 Angleterre MiguelAzeez 1 M
2%
2024 - 2025 Angleterre NathanButler - Oyedeji 2 A
2%
2011 - 2012 Turquie OguzhanOzyakup 2 M
2%
2012 - 2014 Allemagne ThomasEisfeld 2 M
2%
2018 - 2019 Angleterre ZechariahMedley 3 D
2%
2020 - 2023 Angleterre BenCottrell 1 M
1%
2017 - 2018 Angleterre BenSheaf 2 M
1%
2023 - 2024 Angleterre CharlesSagoe Junior 1 A
1%
2011 - 2012 Angleterre ChuksAneke 1 A
1%
2024 - 2025 Pays - Bas IsmaelKabia 1 A
1%
2012 - 2013 Suisse MartinAngha 2 D
1%
2014 - 2015 Angleterre StefanO'Connor 1 D
1%
Aucun quiz correspondant
Distribution des résultats
% des personnes avec chaque résultat
Percentile par nombre de réponses
Votre historique - résultats
Vous n’avez pas pris ce quiz depuis la dernière actualisation